[Event "Sparkassen-Open B"]
[Site "Heusenstamm, Martinsee"]
[Date "2022.11.18"]
[Round "2.57"]
[White "Fritsch, Reinhold"]
[Black "Ott, Christian"]
[Result "1/2-1/2"]
[WhiteElo "1567"]
[BlackElo "1223"]
[PlyCount "109"]
[EventDate "2022.??.??"]
[WhiteTeam "SC Somborn 1933"]
[BlackTeam "vereinslos"]

1. e4 e5 2. f4 Nc6 3. Nf3 d6 4. Nc3 Bg4 5. Bb5 Bxf3 6. Qxf3 Nf6 7. d3 Be7 8.
O-O O-O 9. Bxc6 bxc6 10. Be3 h5 11. h3 h4 12. fxe5 dxe5 13. Rad1 Nd7 14. Rf2
Bg5 15. Rdf1 f6 16. Bxg5 fxg5 17. Qg4 Qe7 18. Rf5 Rab8 19. Rxf8+ Rxf8 20. Rxf8+
Nxf8 21. Qf5 g6 22. Qf2 a5 23. Nd1 Ne6 24. c3 c5 25. Ne3 Nf4 26. Nd5 Qd6 27.
Nxf4 gxf4 28. Qe2 Qf6 29. Kf1 Kg7 30. Ke1 Kh6 31. Kd2 g5 32. Qg4 c6 33. a3 a4
34. Qd1 Qg6 35. Qg4 Qh5 36. Qe6+ Qg6 37. Qg4 Qh5 38. Qe6+ Qg6 39. Qg4 Qh5 40.
Qe6+ Qg6 41. Qxg6+ Kxg6 42. b3 axb3 43. a4 g4 44. a5 f3 45. gxf3 gxh3 46. a6 h2
47. a7 h1=Q 48. a8=Q Qg2+ 49. Ke3 Qg5+ 50. Ke2 Qg2+ 51. Ke3 Qg5+ 52. Ke2 b2 53.
Qg8+ Kh5 54. Qh7+ Qh6 55. Qf5+ 1/2-1/2

[Event "Sparkassen-Open B"]
[Site "Heusenstamm, Martinsee"]
[Date "2022.11.18"]
[Round "2.58"]
[White "Valean, David-Andrei"]
[Black "Junkers, Günter"]
[Result "1-0"]
[WhiteElo "1418"]
[BlackElo "1207"]
[PlyCount "85"]
[EventDate "2022.??.??"]
[WhiteTeam "TG Schweinfurt 1848"]
[BlackTeam "SSG Rödermark/Epph."]

1. e4 e5 2. Nf3 Nc6 3. Bb5 a6 4. Ba4 Nf6 5. d3 Qe7 6. Nc3 Qb4 7. a3 Qb6 8. O-O
Nd4 9. Nxe5 Qe6 10. Nf3 Nxf3+ 11. Qxf3 Bc5 12. h3 O-O 13. Bg5 Qe5 14. Bxf6 Qxf6
15. Qxf6 gxf6 16. Nd5 Kg7 17. Nxc7 Ra7 18. Nd5 Re8 19. b4 Bd4 20. c3 Be5 21. f4
Bd6 22. c4 b5 23. cxb5 axb5 24. Bxb5 Ba6 25. Bxa6 Rxa6 26. Rfe1 Rc6 27. b5 Rc2
28. a4 Rd2 29. Red1 Rxd1+ 30. Rxd1 Bc5+ 31. Kf1 Ra8 32. d4 Bf8 33. Nb6 Rd8 34.
Rc1 Bb4 35. Rc8 Rxc8 36. Nxc8 Bd2 37. g3 Bc3 38. b6 Ba5 39. d5 d6 40. b7 Bc7
41. a5 Kf8 42. a6 Bb8 43. a7 1-0

[Event "Sparkassen-Open B"]
[Site "Heusenstamm, Martinsee"]
[Date "2022.11.18"]
[Round "2.59"]
[White "Meuer, Stephan"]
[Black "Vinogradov, Ilia"]
[Result "0-1"]
[WhiteElo "1188"]
[BlackElo "1253"]
[PlyCount "86"]
[EventDate "2022.??.??"]
[WhiteTeam "SV Lahnstein"]
[BlackTeam "SV Walldorf"]

1. e4 e5 2. Nf3 Nc6 3. d4 exd4 4. Nxd4 Nf6 5. Bg5 h6 6. Bh4 g5 7. Bg3 Nxe4 8.
Nxc6 bxc6 9. Qd4 Qe7 10. Qe5 Nxg3 11. Qxe7+ Bxe7 12. fxg3 Bf6 13. Nc3 Rb8 14.
O-O-O O-O 15. Be2 Re8 16. Bg4 d5 17. Bh5 Re5 18. Rhf1 Kg7 19. Be2 Re6 20. Bg4
Rd6 21. Bxc8 Rxc8 22. Ne2 c5 23. Rf5 Re8 24. Nc3 c6 25. g4 Bxc3 26. bxc3 Re2
27. Rd2 Rxd2 28. Kxd2 Rf6 29. Rf3 Rxf3 30. gxf3 Kf6 31. Kd3 Ke5 32. Ke3 d4+ 33.
cxd4+ cxd4+ 34. Ke2 Kf4 35. a3 c5 36. a4 c4 37. a5 d3+ 38. cxd3 cxd3+ 39. Kxd3
Kxf3 40. Kc4 Kxg4 41. Kb5 f5 42. Ka6 f4 43. Kxa7 f3 0-1

[Event "Sparkassen-Open B"]
[Site "Heusenstamm, Martinsee"]
[Date "2022.11.18"]
[Round "2.60"]
[White "Kuchta, Maksim"]
[Black "Hellmann, Alexander"]
[Result "1-0"]
[WhiteElo "1430"]
[BlackElo "1137"]
[PlyCount "59"]
[EventDate "2022.??.??"]
[WhiteTeam "SC Heusenstamm"]
[BlackTeam "SJ Herborn 1998"]

1. e4 e5 2. Nf3 Nc6 3. d4 exd4 4. Nxd4 Nxd4 5. Qxd4 d6 6. Bc4 Nf6 7. O-O Be7 8.
Nc3 O-O 9. Bf4 Bd7 10. Rad1 Bc6 11. Rfe1 Re8 12. Bb3 Qd7 13. Ba4 Bxa4 14. Qxa4
Qxa4 15. Nxa4 Nh5 16. Bd2 Nf6 17. Nc3 a6 18. Be3 Ng4 19. Bf4 Ne5 20. Nd5 Rac8
21. Nxe7+ Rxe7 22. b3 b6 23. f3 Re6 24. Rd2 Rf6 25. Bg3 Ng6 26. Red1 Re8 27.
Rd3 Rfe6 28. Rc3 R6e7 29. Rd4 c5 30. Rxd6 1-0

[Event "Sparkassen-Open B"]
[Site "Heusenstamm, Martinsee"]
[Date "2022.11.18"]
[Round "2.61"]
[White "Belin, Anton"]
[Black "Klein, Simon"]
[Result "1-0"]
[WhiteElo "1495"]
[BlackElo "1378"]
[PlyCount "39"]
[EventDate "2022.??.??"]
[WhiteTeam "SK Bad Homburg 1927"]
[BlackTeam "SK Hungen"]

1. e4 d6 2. d4 Nf6 3. Nc3 Nbd7 4. Nf3 e5 5. dxe5 dxe5 6. Bc4 Bb4 7. O-O Bxc3 8.
bxc3 Nxe4 9. Bxf7+ Kxf7 10. Qd5+ Kf6 11. Qxe4 h6 12. Nh4 Kf7 13. Qd5+ Kf6 14.
f4 e4 15. Qf5+ Ke7 16. Ng6+ Kd6 17. Rd1+ Kc6 18. Qd5+ Kb6 19. Rb1+ Ka6 20. Qb5#
1-0

[Event "Sparkassen-Open B"]
[Site "Heusenstamm, Martinsee"]
[Date "2022.11.18"]
[Round "2.62"]
[White "Köberl, Christiane"]
[Black "Sarbu, Carla Alexandra"]
[Result "1/2-1/2"]
[WhiteElo "1492"]
[BlackElo "1130"]
[PlyCount "46"]
[EventDate "2022.??.??"]
[WhiteTeam "SC Sulzbach"]
[BlackTeam "SV Jedesheim 1921"]

1. e4 c6 2. Nc3 d5 3. d4 dxe4 4. Nxe4 Bf5 5. Ng3 Bg6 6. Nf3 Nf6 7. h4 h6 8. Ne5
Bh7 9. Bc4 e6 10. c3 Bd6 11. Qe2 Nbd7 12. O-O O-O 13. Bf4 Qc7 14. Rfe1 b5 15.
Bb3 a5 16. Nh5 a4 17. Bd1 Rae8 18. Qf3 Bf5 19. Qg3 Nxh5 20. Bxh5 Nf6 21. Bf3
Re7 22. Bxh6 Ne8 23. Bh5 f6 1/2-1/2

[Event "Sparkassen-Open B"]
[Site "Heusenstamm, Martinsee"]
[Date "2022.11.18"]
[Round "2.63"]
[White "Moissl, Julian"]
[Black "Leitzig, Reamonn"]
[Result "1/2-1/2"]
[WhiteElo "1140"]
[BlackElo "1484"]
[PlyCount "59"]
[EventDate "2022.??.??"]
[WhiteTeam "SJ Herborn 1998"]
[BlackTeam "SV 1934 Ffm-Griesheim"]

1. d4 Nf6 2. c4 e6 3. Nc3 Bb4 4. Bd2 O-O 5. a3 Bxc3 6. Bxc3 Ne4 7. e3 b6 8. Bd3
Bb7 9. Qc2 f5 10. Ne2 d6 11. O-O Nd7 12. f3 Nxc3 13. Nxc3 c5 14. d5 exd5 15.
Bxf5 dxc4 16. Bxh7+ Kh8 17. Rad1 Nf6 18. Bg6 d5 19. Qf5 Bc8 20. Qg5 Ng8 21.
Qh5+ Nh6 22. Rxd5 Qe7 23. g4 Qxe3+ 24. Kg2 Bxg4 25. fxg4 Rxf1 26. Kxf1 Rf8+ 27.
Rf5 Qd3+ 28. Kg2 Qd2+ 29. Kh3 Qe3+ 30. Kh4 1/2-1/2

[Event "Sparkassen-Open B"]
[Site "Heusenstamm, Martinsee"]
[Date "2022.11.18"]
[Round "2.64"]
[White "Kluge, Joscha"]
[Black "Moissl, Felix"]
[Result "1/2-1/2"]
[WhiteElo "1533"]
[BlackElo "1129"]
[PlyCount "81"]
[EventDate "2022.??.??"]
[WhiteTeam "SC Bergen-Enkheim 1922"]
[BlackTeam "SJ Herborn 1998"]

1. e4 d5 2. exd5 Nf6 3. d4 c6 4. dxc6 Nxc6 5. Nf3 Bg4 6. c3 e6 7. Be2 Bd6 8.
Bg5 O-O 9. O-O Be7 10. Nbd2 h6 11. Bh4 Nh7 12. Bxe7 Qxe7 13. Re1 Rfe8 14. Qc2
Bf5 15. Bd3 Bxd3 16. Qxd3 Qc7 17. Re3 Rad8 18. Rae1 Nf6 19. h3 Nd5 20. Re4 f5
21. Rxe6 Rxe6 22. Rxe6 Nf4 23. Qxf5 Nxe6 24. Qxe6+ Qf7 25. Qxf7+ Kxf7 26. Nc4
b5 27. Ne3 b4 28. d5 bxc3 29. bxc3 Ne7 30. c4 Kf6 31. Nd4 Ke5 32. Nb5 Rb8 33.
Nxa7 Ra8 34. Nb5 Rxa2 35. Kf1 Nf5 36. Nxf5 Kxf5 37. g3 Ke5 38. Nc3 Rc2 39. Nd1
Rxc4 40. Ne3 Ke4 41. Kg2 1/2-1/2

[Event "Sparkassen-Open B"]
[Site "Heusenstamm, Martinsee"]
[Date "2022.11.18"]
[Round "2.66"]
[White "Trenz, Kerstin"]
[Black "Wöhl, Torsten"]
[Result "0-1"]
[WhiteElo "902"]
[BlackElo "1515"]
[PlyCount "90"]
[EventDate "2022.??.??"]
[WhiteTeam "SK Gau-Algesheim"]
[BlackTeam "SC Groß-Zimmern"]

1. e4 e6 2. d4 d5 3. e5 c5 4. c3 Nc6 5. Nf3 Nge7 6. Bd3 Qb6 7. Bc2 Bd7 8. O-O
Nf5 9. Bxf5 exf5 10. b3 cxd4 11. cxd4 Be7 12. Bb2 O-O 13. Nc3 Rac8 14. Nxd5 Qd8
15. Nxe7+ Nxe7 16. Re1 Nd5 17. g3 f4 18. Qd2 fxg3 19. fxg3 Qb6 20. Rac1 Qb4 21.
Qxb4 Nxb4 22. Rxc8 Rxc8 23. e6 Bxe6 24. Rd1 Bd5 25. Ne5 f6 26. Ba3 Nxa2 27. Nc4
Nc3 28. Rd3 Nb5 29. Bc1 Re8 30. Ne3 Be4 31. Rd2 Bg6 32. Kf2 Nc3 33. Rb2 Ne4+
34. Ke1 Nc3 35. Bd2 Ne4 36. Bc1 Ng5 37. d5 Nf3+ 38. Kf2 Ne5 39. Bd2 Nd3+ 40.
Ke2 Nxb2 41. d6 Bd3+ 42. Ke1 Bb5 43. Bc1 Nd3+ 44. Kd1 Nf2+ 45. Kd2 Ne4+ 0-1

[Event "Sparkassen-Open B"]
[Site "Heusenstamm, Martinsee"]
[Date "2022.11.18"]
[Round "2.67"]
[White "Kuran, Rainer"]
[Black "Vinogradov, Roman"]
[Result "0-1"]
[WhiteElo "1507"]
[BlackElo "797"]
[PlyCount "88"]
[EventDate "2022.??.??"]
[WhiteTeam "Karlsruher SF"]
[BlackTeam "SV Walldorf"]

1. e4 e5 2. Nf3 Nc6 3. Nc3 Nf6 4. d4 exd4 5. Nxd4 Nxd4 6. Qxd4 c5 7. Qd3 Be7 8.
Bf4 Qb6 9. Nb5 Bd8 10. e5 Ng4 11. Nd6+ Kf8 12. Qd5 Qb4+ 13. c3 Qxf4 14. Qxc5
Qxe5+ 15. Qxe5 Nxe5 16. O-O-O Ke7 17. f4 Ng4 18. Bc4 Kf6 19. Rhe1 Bc7 20. Ne8+
Rxe8 21. Rxe8 Bxf4+ 22. Kb1 d6 23. Ka1 Ne3 24. Rd4 Nc2+ 25. Kb1 Nxd4 26. Ka1 b5
27. Bd5 Nc2+ 28. Kb1 Na3+ 29. Ka1 Rb8 30. bxa3 Be5 31. Kb2 a5 32. Rf8 b4 33.
Rxf7+ Kg6 34. Rf3 bxc3+ 35. Kc1 Bf5 36. Bb3 d5 37. h3 d4 38. g4 Be4 39. Bc2
Bxc2 40. Kxc2 Rb2+ 41. Kd3 c2 42. Kd2 Rxa2 43. Rf5 Bc7 44. Rd5 Bf4+ 0-1